000 00297nam a22001337a 4500
008 170811b xxu||||| |||| 00| 0 eng d
020 _a9780071772853
041 _aeng
080 _a51
100 _a36
101 _aMAT
245 _aMULTIPLICATION AND DIVISION
_cMUSCHLA,J.A
942 _2udc
_cBK
999 _c23229
_d23229